000 00880nam a2200241Ia 4500
003 OSt
005 20220926025850.0
006 a|||||r|||| 00| 0
007 ta
008 220923b |||||||| |||| 00| 0 eng d
037 _cGeneral Book
040 _aRTL
_cRTL
_beng
041 _2eng
_aeng
082 _aX0gF.1N6.N7, L0
110 _aOrganisation for Economic Cooperation and Development (Paris)
_942419
245 0 _aGaps in technology
_b analytical report Comparisons between member countries in education research & development technological innovation international economic exchanges
260 _aParis
_bOECD
_c1970
300 _a300p
_ccm.
650 _aEconomics IRT Technology
700 _aOrganisation for Economic Cooperation and Development (Paris)
_942420
942 _hX0gF.1N6.N7, L0
_cGB
_2CC
999 _c648160
_d648160